01019 2200313 4500001002100000005001500021035002000036007000300056008004100059020002200100082001600122084001800138100003000156245015500186250003100341300003000372650002000402700003200422504003400454264004300488336002100531337003000552338002300582040002200605090002200627850001200649999002200661990002200683INLIS00000000089064720240918105413 a0010-0924000297ta240918s2024 yoi g ind d a978-623-190-981-704223a346.078 a346.078 BAM r0 aBambang WiwekoePengarang10aRestrukturisasi utang dalam menghadapi keadaan krisis :bsebuah tinjauan super lengkap dalam perspektif /cBambang Wiweko; penyunting, Afin Nur Fariha aCetakan Pertama, Juli 2024 axii, 157 halaman ;c20 cm 4aPailit--xHukum0 aAfin Nur FarihaePenyunting aBibliografi : halaman 152-15431aSleman :bBintang Semesta Media,c2024 2rdacontentateks 2rdamediaatanpa perantara 2rdacarrieravolume aYOPDYOGbinderda aCB-D.11 2024-3119 aYOPDYOG aCB-D.11/2024-3119 aCB-D.11/2024-3119